书目信息 |
| 题名: |
中国工程监理行业发展报告
|
|
| 作者: | 李明安 , 刘伊生 主编 | |
| 分册: | 2024 | |
| 出版信息: | 北京 中国建筑工业出版社 2024.12 |
|
| 页数: | 141页 | |
| 开本: | 26cm | |
| 丛书名: | ||
| 单 册: | ||
| 中图分类: | TU712.2 | |
| 科图分类: | ||
| 主题词: | 建筑工程--jian zhu gong cheng--监督管理--研究报告--中国 | |
| 电子资源: | ||
| ISBN: | 978-7-112-30768-5 | |
| 000 | 01144nam 2200253 450 | |
| 001 | 90489 | |
| 005 | 20250815194505.75 | |
| 010 | @a978-7-112-30768-5@dCNY68.00 | |
| 100 | @a20250304d2024 em y0chiy50 ea | |
| 101 | 0 | @achi |
| 102 | @aCN@b110000 | |
| 105 | @aa z 000yy | |
| 106 | @ar | |
| 200 | 1 | @a中国工程监理行业发展报告@Azhong guo gong cheng jian li hang ye fa zhan bao gao@h2024 |
| 210 | @a北京@c中国建筑工业出版社@d2024.12 | |
| 215 | @a141页@c图@d26cm | |
| 314 | @a书内题: 李明安, 刘伊生主编 | |
| 330 | @a本书共分4部分5章内容。第1部分 (第1章) 全国工程监理行业发展概况, ; 第2部分代表性地区工程监理行业发展概况, 分两章 (第2章和第3章) 分别介绍京沪两地工程监理企业及从业人员规模、承揽业务及经营收入等 ; 第3部分 (第4章) 工程监理行业发展热点及问题 ; 第4部分 (第5章) 大事记、协会课题、标准及获奖项目参与监理企业, 主要包括2023-2024年大事记、协会研究课题及团体标准、获奖项目参与企业。 | |
| 606 | 0 | @a建筑工程@Ajian zhu gong cheng@x监督管理@x研究报告@y中国 |
| 690 | @aTU712.2@v5 | |
| 701 | 0 | @a李明安@Ali ming an@4主编 |
| 701 | 0 | @a刘伊生@Aliu yi sheng@4主编 |
| 801 | 0 | @aCN@c20250909 |
| 905 | @a河南城建学院图书馆@dTU712.2@eL210@f1 | |
| 中国工程监理行业发展报告.2024.-北京:中国建筑工业出版社,2024.12 |
| 141页:图;26cm |
| ISBN 978-7-112-30768-5:CNY68.00 |
| 本书共分4部分5章内容。第1部分 (第1章) 全国工程监理行业发展概况, ; 第2部分代表性地区工程监理行业发展概况, 分两章 (第2章和第3章) 分别介绍京沪两地工程监理企业及从业人员规模、承揽业务及经营收入等 ; 第3部分 (第4章) 工程监理行业发展热点及问题 ; 第4部分 (第5章) 大事记、协会课题、标准及获奖项目参与监理企业, 主要包括2023-2024年大事记、协会研究课题及团体标准、获奖项目参与企业。 |
| ● |
| 相关链接 |
|
|
|
正题名:中国工程监理行业发展报告
索取号:TU712.2/L210
 
预约/预借
| 序号 | 登录号 | 条形码 | 馆藏地/架位号 | 状态 | 备注 |
| 1 | 1624451 | 216244516 | 建筑库201/201建筑库 23排3列4层/ [索取号:TU712.2/L210] | 在馆 |